<?xml version="1.0" encoding="UTF-8"?>
<collection xmlns="http://www.loc.gov/MARC21/slim">
 <record>
  <leader>01966cam a2200421   4500</leader>
  <controlfield tag="001">1155131916</controlfield>
  <controlfield tag="003">DE-627</controlfield>
  <controlfield tag="005">20240309182225.0</controlfield>
  <controlfield tag="007">tu</controlfield>
  <controlfield tag="008">000524s1998    xx |||||      00| ||fre c</controlfield>
  <datafield tag="020" ind1=" " ind2=" ">
   <subfield code="a">2874010405</subfield>
   <subfield code="9">2-87401-040-5</subfield>
  </datafield>
  <datafield tag="035" ind1=" " ind2=" ">
   <subfield code="a">(DE-627)1155131916</subfield>
  </datafield>
  <datafield tag="035" ind1=" " ind2=" ">
   <subfield code="a">(DE-576)085131911</subfield>
  </datafield>
  <datafield tag="035" ind1=" " ind2=" ">
   <subfield code="a">(DE-599)BSZ085131911</subfield>
  </datafield>
  <datafield tag="035" ind1=" " ind2=" ">
   <subfield code="a">(OCoLC)195458900</subfield>
  </datafield>
  <datafield tag="040" ind1=" " ind2=" ">
   <subfield code="a">DE-627</subfield>
   <subfield code="b">ger</subfield>
   <subfield code="c">DE-627</subfield>
   <subfield code="e">rakwb</subfield>
  </datafield>
  <datafield tag="041" ind1=" " ind2=" ">
   <subfield code="a">fre</subfield>
  </datafield>
  <datafield tag="084" ind1=" " ind2=" ">
   <subfield code="a">9,10</subfield>
   <subfield code="a">6,14</subfield>
   <subfield code="2">ssgn</subfield>
  </datafield>
  <datafield tag="245" ind1="1" ind2="3">
   <subfield code="a">Le château de Boussu</subfield>
   <subfield code="c">Krista DeJonge (direction) ...</subfield>
  </datafield>
  <datafield tag="264" ind1=" " ind2="1">
   <subfield code="a">Namur</subfield>
   <subfield code="b">Ministère de la Région Wallonne</subfield>
   <subfield code="c">1998</subfield>
  </datafield>
  <datafield tag="300" ind1=" " ind2=" ">
   <subfield code="a">207 S.</subfield>
   <subfield code="b">überwiegend Ill.</subfield>
  </datafield>
  <datafield tag="336" ind1=" " ind2=" ">
   <subfield code="a">Text</subfield>
   <subfield code="b">txt</subfield>
   <subfield code="2">rdacontent</subfield>
  </datafield>
  <datafield tag="337" ind1=" " ind2=" ">
   <subfield code="a">ohne Hilfsmittel zu benutzen</subfield>
   <subfield code="b">n</subfield>
   <subfield code="2">rdamedia</subfield>
  </datafield>
  <datafield tag="338" ind1=" " ind2=" ">
   <subfield code="a">Band</subfield>
   <subfield code="b">nc</subfield>
   <subfield code="2">rdacarrier</subfield>
  </datafield>
  <datafield tag="490" ind1="1" ind2=" ">
   <subfield code="a">Etudes et documents</subfield>
   <subfield code="a">Série Monuments et sites / Ministère de la Région Wallonne, Direction Générale de l'Aménagement du Territoire, du Logement et du Patrimoine, Division du Patrimoine</subfield>
   <subfield code="v">8</subfield>
  </datafield>
  <datafield tag="583" ind1="1" ind2=" ">
   <subfield code="a">Archivierung prüfen</subfield>
   <subfield code="c">20200919</subfield>
   <subfield code="f">DE-640</subfield>
   <subfield code="z">1</subfield>
   <subfield code="2">pdager</subfield>
  </datafield>
  <datafield tag="583" ind1="1" ind2=" ">
   <subfield code="a">Archivierung/Langzeitarchivierung gewährleistet</subfield>
   <subfield code="f">SSG</subfield>
   <subfield code="x">XA-DE-BW</subfield>
   <subfield code="2">pdager</subfield>
   <subfield code="5">DE-16</subfield>
  </datafield>
  <datafield tag="689" ind1="0" ind2="0">
   <subfield code="d">g</subfield>
   <subfield code="0">(DE-588)4548939-7</subfield>
   <subfield code="0">(DE-627)705136760</subfield>
   <subfield code="0">(DE-576)213587084</subfield>
   <subfield code="a">Château Boussu</subfield>
   <subfield code="2">gnd</subfield>
  </datafield>
  <datafield tag="689" ind1="0" ind2="1">
   <subfield code="a">z</subfield>
   <subfield code="2">gnd</subfield>
   <subfield code="a">Geschichte</subfield>
  </datafield>
  <datafield tag="689" ind1="0" ind2=" ">
   <subfield code="5">(DE-627)</subfield>
  </datafield>
  <datafield tag="700" ind1="1" ind2=" ">
   <subfield code="a">Jonge, Krista de</subfield>
   <subfield code="e">Hrsg.</subfield>
   <subfield code="0">(DE-588)137431058</subfield>
   <subfield code="0">(DE-627)592628272</subfield>
   <subfield code="0">(DE-576)178395870</subfield>
   <subfield code="4">edt</subfield>
  </datafield>
  <datafield tag="787" ind1="0" ind2="8">
   <subfield code="i">Rezensiert in</subfield>
   <subfield code="a">Albrecht, Uwe, 1954 - </subfield>
   <subfield code="t">[Rezension von: Krista de Jonge, Le château de Boussu]</subfield>
   <subfield code="d">Nürnberg : Carl, 2000</subfield>
   <subfield code="w">(DE-627)1787021084</subfield>
  </datafield>
  <datafield tag="810" ind1="2" ind2=" ">
   <subfield code="a">Belgien</subfield>
   <subfield code="b">Ministère de la Région Wallonne</subfield>
   <subfield code="b">Direction Générale de l'Aménagement du Territoire, du Logement et du Patrimoine</subfield>
   <subfield code="t">Etudes et documents</subfield>
   <subfield code="p">Monuments et sites</subfield>
   <subfield code="v">8</subfield>
   <subfield code="9">8</subfield>
   <subfield code="w">(DE-627)1733287078</subfield>
   <subfield code="w">(DE-576)319517799</subfield>
   <subfield code="w">(DE-600)3037884-9</subfield>
   <subfield code="7">ns</subfield>
  </datafield>
  <datafield tag="951" ind1=" " ind2=" ">
   <subfield code="a">BO</subfield>
  </datafield>
  <datafield tag="990" ind1=" " ind2=" ">
   <subfield code="a">Château Boussu</subfield>
  </datafield>
  <datafield tag="990" ind1=" " ind2=" ">
   <subfield code="a">Geschichte</subfield>
  </datafield>
  <datafield tag="991" ind1=" " ind2=" ">
   <subfield code="a">Rezensiertes Werk</subfield>
  </datafield>
  <datafield tag="999" ind1=" " ind2=" ">
   <subfield code="a">KXP-PPN1155131916</subfield>
   <subfield code="e">4042360939</subfield>
  </datafield>
 </record>
</collection>
